Największe miasta w Hiszpanii - Statystyki

Ogólne statystyki
  • Ten quiz został rozwiązany 4 808 razy
  • Średni wynik to 8 z 20
Statystyki odpowiedzi
Miasto Liczba ludności % Poprawnych
Madryt 3 165 235
100%
Barcelona 1 602 386
99%
Sewilla 696 676
79%
Bilbao 346 574
77%
Walencja 786 424
75%
Malaga 566 913
57%
Saragossa 666 058
43%
Grenada 237 540
39%
Vigo 294 997
37%
Las Palmas de Gran Canaria 382 283
29%
Alicante 332 067
26%
Murcja 439 712
25%
Palma de Mallorca 399 093
25%
Kordoba 328 041
24%
Valladolid 306 830
22%
Gijón 275 735
18%
Elche 230 224
16%
A Coruña 244 810
13%
Vitoria-Gasteiz 242 082
5%
L'Hospitalet de Llobregat 253 518
3%
Nie znaleziono quizów pasujących do podanych kryteriów
Rozkład punktacji
Procent ludzi z każdym wynikiem
Percentyl według liczby udzielonych odpowiedzi
Twoja historia wyników
Nie rozwiązałeś tego quizu